000 00758nam a22002417a 4500
008 131116b xxu||||| |||| 00| 0 eng d
020 _a81-7003-231-8
024 _cAvailable
037 _cAvaialble
040 _aMBSTU LBIRARY
_dMBSTU LBIRARY
082 _222
_a363.7 GAE
100 _aGaan, Narottam.
245 _aEnvironment and national security: the case of South Asia.
260 _aNew Delhi
_bSouth Asia Publishers.
_c2000
300 _a23 cm.
_b265 page
_f1
_g23 cm.
600 _2Environmental problems.
650 _2Environmental problems.
700 _aGaan, Narottam.
270 _aNew Delhi
_bNew Delhi
_dIndia
365 _b525.00
_d525.00
942 _2ddc
_cBK
999 _c839
_d839